| 000 | 00371nam a22001337a 4500 | ||
|---|---|---|---|
| 082 |
_a355.02 _bWHA |
||
| 100 |
_aP.S. King & Son Ltd London _949546 |
||
| 245 | _aWhat would be the character of a new war? | ||
| 260 |
_aLondon _bP.S. King & Son Ltd _c1931 |
||
| 300 | _axviii, 411 p. | ||
| 526 |
_a0 _b0 _c0 _d355_020000000000000_WHA |
||
| 650 |
_aMCE _9379 |
||
| 942 |
_2ddc _cBK |
||
| 999 |
_c552321 _d552321 |
||